Otra manera de contar
Salvato in:
| Autore principale: | |
|---|---|
| Altri autori: | |
| Natura: | Libro |
| Lingua: | spagnolo |
| Pubblicazione: |
Murcia
Mestizo
1997
|
| Serie: | Colección Palabras de Arte, 3
|
| Soggetti: | |
| Tags: |
Aggiungi Tag
Nessun Tag, puoi essere il primo ad aggiungerne!!
|
MARC
| LEADER | 00000nam a2200000 a 4500 | ||
|---|---|---|---|
| 001 | UCQ7866 | ||
| 003 | CL-VaPUC | ||
| 008 | 981121e19970000SP |||||||||||||||||spa|d | ||
| 082 | 0 | 4 | |a 770.2 |b BER |2 21 |
| 100 | |a Berger, John |e autor |9 421636 | ||
| 700 | |a Mohr, Jean |e autor |9 421637 | ||
| 245 | 1 | 0 | |a Otra manera de contar |
| 300 | |a 288 p | ||
| 942 | |c BK | ||
| 945 | |d 19981121 00:00:00 |a aarredon | ||
| 260 | |a Murcia |b Mestizo |c 1997 | ||
| 650 | 0 | |a Fotografías |9 268494 | |
| 650 | 7 | |a REPRODUCCION FOTOGRAFICA |2 CL-VaPUC |9 327477 | |
| 650 | 0 | |a Artes gráficas |9 265865 | |
| 650 | 0 | |a Material visual |9 327831 | |
| 650 | 0 | |a Fotógrafos |9 327623 | |
| 650 | 0 | |a Retratos |9 313437 | |
| 583 | |a last modification |c 19981121 00:00:00 |k Rodrigo Vera | ||
| 490 | 0 | |a Colección Palabras de Arte, 3 | |
| 999 | |c 277245 |d 277243 | ||
| 952 | |0 0 |1 0 |4 0 |6 770_200000000000000_BER_1997 |7 0 |8 A |9 315111 |a BIBARQ |b BIBARQ |d 2019-11-20 |i 3483959 |l 2 |m 1 |o 770.2 BER 1997 |p 3483959 |r 2025-01-20 |s 2024-06-25 |w 2019-11-20 |y BK |k ARQ | ||